| 000 | 01597nam a2200229Ia 4500 | ||
|---|---|---|---|
| 003 | Ost | ||
| 005 | 20260507075008.0 | ||
| 008 | 260507s9999||||xx |||||||||||||| ||und|| | ||
| 020 | _a9773790437 | ||
| 040 | _cfsecg | ||
| 041 | _aara | ||
| 082 | _a344.04 | ||
| 100 |
_aامام، محمد محمد عبده _eمؤلف |
||
| 245 | 0 |
_aالقانون الإداري و حماية الصحة العامة : _bدراسة مقارنة / _c محمد محمد عبده امام |
|
| 260 |
_aالاسكندرية: _bدار الفكر الجامعي, _c2007 |
||
| 300 |
_a513 صفحة؛ _c24 سم |
||
| 520 | _aالباب الاول : الحماية القانونية للحق في سلامة الغذاء الحماية القانونية للغذاء من التلوث غير العمدي ، الحماية القانونية من التلوث العمدي ، الاثار الناشئة عن التلوث الغذائي الباب الثاني الضمانات التشريعية والعملية لسلامة الغذاء مفهوم الضبط وأنواعه وهيئاته ، وسائل الضبط الاداري وأساليبه ـأ غراض الضبط الاداري في مجال حماية الغذاء ، وحدة القانون أثرها في فاعلية الضبط الاداري ، الحسبة الاسلامية وحماية الغذاء ، النظم المشاركة في حماية الغذاء | ||
| 653 | _aالصحة العامة | ||
| 653 | _aالصحة العامة- قوانين وتشريعات | ||
| 653 | _aالقانون الاداري | ||
| 942 | _cكتاب | ||
| 999 |
_c42134 _d42134 |
||